ORDINARY AND PARTIAL DIFFERENTIAL EQUATIONS (Record no. 9401)

MARC details
000 -LEADER
fixed length control field 00383nam a22001577a 4500
003 - CONTROL NUMBER IDENTIFIER
control field SGT
020 ## - INTERNATIONAL STANDARD BOOK NUMBER
International Standard Book Number 9789385676161
082 ## - DEWEY DECIMAL CLASSIFICATION NUMBER
Classification number 515.352,RAI
100 ## - MAIN ENTRY--PERSONAL NAME
Personal name RAISINGHANIA M.D.
245 ## - TITLE STATEMENT
Title ORDINARY AND PARTIAL DIFFERENTIAL EQUATIONS
250 ## - EDITION STATEMENT
Edition statement 18TH
260 ## - PUBLICATION, DISTRIBUTION, ETC. (IMPRINT)
Place of publication, distribution, etc NEW DELHI
Name of publisher, distributor, etc S.CHAND
Year of Publication 2016
300 ## - PAGE DESCRIPTION
No. of Pages V.P.
650 ## - SUBJECT ADDED ENTRY--TOPICAL TERM
Topical term or geographic name as entry element ORDINARY DIFFERENTIAL EQUATIONS
942 ## - ADDED ENTRY ELEMENTS (KOHA)
Source of classification or shelving scheme Dewey Decimal Classification
Koha item type Books
942 ## - ADDED ENTRY ELEMENTS (KOHA)
-- 42
Holdings
Withdrawn status Lost status Source of classification or shelving scheme Damaged status Not for loan Collection code Home library Current library Shelving location Date acquired Vendor Name Cost, normal purchase price SGTU Bill Number Total Checkouts Full call number Accession No. (Barcode) Date last seen Date last borrowed Bill Date Koha item type Total Renewals
    Dewey Decimal Classification     SCIENCE SGT Science & Social Sciences Library SGT Science & Social Sciences Library Text Book 01/07/2016 AHUJA BOOKS 700.00 SGTU 6884 29 515.352,RAI PS1889 07/11/2025 27/03/2024 21/04/2016 Books  
    Dewey Decimal Classification   Not For Loan SCIENCE SGT Science & Social Sciences Library SGT Science & Social Sciences Library Reference Book 01/07/2016 AHUJA BOOKS 700.00 SGTU 6884   515.352,RAI PS1890 01/07/2016   21/04/2016 FPS Books  
    Dewey Decimal Classification     SCIENCE SGT Science & Social Sciences Library SGT Science & Social Sciences Library Text Book 03/09/2016 AHUJA BOOK 700.00 SGTU 7161 61 515.352,RAI PS2367 24/04/2025 15/04/2025 16/08/2016 FPS Books  
    Dewey Decimal Classification     SCIENCE SGT Science & Social Sciences Library SGT Science & Social Sciences Library Text Book 03/09/2016 AHUJA BOOK 700.00 SGTU 7161 20 515.352,RAI PS2368 30/03/2026 30/03/2026 16/08/2016 FPS Books  
    Dewey Decimal Classification     SCIENCE SGT Science & Social Sciences Library SGT Science & Social Sciences Library Text Book 03/09/2016 AHUJA BOOK 700.00 SGTU 7161 47 515.352,RAI PS2369 02/06/2025 18/02/2025 16/08/2016 FPS Books 1